| 000 | 00624nam a2200229 u 4500 | ||
|---|---|---|---|
| 005 | 20240910064100.0 | ||
| 008 | 120807s2007 r 000 0 eng d | ||
| 020 | _a9789705801662 | ||
| 035 | _aUPN01000185917 | ||
| 049 | _aF | ||
| 050 | 4 |
_aHV5135 _bC6.3 |
|
| 100 | 1 |
_aConnolly, Sean, _d1956- _935119 |
|
| 245 | 1 | 0 |
_aAlcohol / _cSean Connolly. |
| 260 |
_aMéxico : _bAguilar, _c2007. |
||
| 300 |
_a46 p. : _bil. col. |
||
| 440 | 0 | _aLo que debes saber sobre drogas | |
| 534 |
_pTítulo original : _tAlcohol |
||
| 650 | 4 |
_aALCOHOL Y JUVENTUD _92114 |
|
| 650 | 4 |
_aAlcoholismo _92121 |
|
| 905 | _aLibro | ||
| 999 |
_c158020 _d158020 |
||